[Event "EU-ch (Women) 14th"]
[Site "Belgrade"]
[Date "2013.07.29"]
[Round "7"]
[White "Srebrnic, Ana"]
[Black "Korchagina, Victoria"]
[Result "1/2-1/2"]
[WhiteElo "2203"]
[BlackElo "2068"]
[PlyCount "110"]
[EventDate "2013.07.23"]
[EventType "swiss"]
[EventRounds "11"]
[EventCountry "SRB"]
[SourceTitle "CBM 155 Extra"]
[Source "ChessBase"]
[SourceDate "2013.08.26"]
[SourceVersion "1"]
[SourceVersionDate "2013.08.26"]
[SourceQuality "1"]

1. d4 Nf6 2. c4 g6 3. g3 Bg7 4. Bg2 0-0 5. e4 d6 6. Nc3 Nc6 7. Nge2 e5 8. d5 Nd4 9. 0-0 Nxe2+ 10. Qxe2 Nd7 11. g4 a5 12. Be3 b6 13. Rab1 f5 14. f3 Nc5 15. b3 Rf7 16. a3 f4 17. Bf2 h5 18. b4 axb4 19. axb4 Na4 20. Nxa4 Rxa4 21. gxh5 gxh5 22. Kh1 Bf6 23. Ra1 Rxa1 24. Rxa1 Rg7 25. c5 Kh7 26. Qe1 bxc5 27. bxc5 dxc5 28. Bxc5 Bh4 29. Qf1 Qg5 30. Bh3 Qd8 31. Ra7 Bg4 32. Bg2 Bd7 33. Ra2 Qb8 34. Qc1 Qb3 35. Qc2 Qb5 36. Bg1 Qb8 37. Qb2 Qe8 38. Ra7 Bd8 39. Ra6 Qe7 40. Qc2 Qg5 41. Bc5 Be7 42. Ba7 Bd6 43. Ra1 Qd8 44. Qb2 Qe7 45. Rg1 h4 46. Bf1 Rxg1+ 47. Bxg1 h3 48. Ba7 Qg7 49. Qf2 Qg5 50. Bc5 Qh5 51. Bxd6 cxd6 52. Be2 Qg5 53. Bf1 Qh5 54. Be2 Qg5 55. Bf1 Qh5 1/2-1/2

[Event "EU-ch (Women) 14th"]
[Site "Belgrade"]
[Date "2013.07.24"]
[Round "2"]
[White "Majdan, Joanna"]
[Black "Korchagina, Victoria"]
[Result "1-0"]
[WhiteElo "2375"]
[BlackElo "2068"]
[PlyCount "81"]
[EventDate "2013.07.23"]
[EventType "swiss"]
[EventRounds "11"]
[EventCountry "SRB"]
[SourceTitle "CBM 155 Extra"]
[Source "ChessBase"]
[SourceDate "2013.08.26"]
[SourceVersion "1"]
[SourceVersionDate "2013.08.26"]
[SourceQuality "1"]

1. e4 c5 2. Nf3 Nc6 3. d4 cxd4 4. Nxd4 Nf6 5. Nc3 d6 6. Bg5 e6 7. Qd2 a6 8. 0-0-0 Be7 9. f3 0-0 10. g4 Nxd4 11. Qxd4 Qa5 12. Bd2 Qc7 13. g5 Nd7 14. h4 b5 15. Kb1 Ne5 16. f4 Nf3 17. Qe3 Nxd2+ 18. Rxd2 b4 19. Ne2 a5 20. h5 a4 21. g6 Bf6 22. gxh7+ Kh8 23. Bg2 Bb7 24. Rhd1 Rac8 25. e5 dxe5 26. fxe5 Be7 27. Nd4 Rfd8 28. Bxb7 Qxb7 29. Qf4 Qc7 30. Rf1 Rxd4 31. Qxd4 Bg5 32. Rdf2 Rd8 33. Qxb4 Qxe5 34. Rxf7 Bf6 35. a3 Rb8 36. Rb7 Rxb7 37. Qxb7 Kxh7 38. Rh1 Kh6 39. Qb4 Qd5 40. Rg1 Qe5 41. Re1 1-0